000 00924nam a2200265 a 4500
001 13407
003 BD-JhCC
005 20230916130221.0
008 230726s20192021bg a|||| ||a| 000 0 ben d
020 _a9789848046715
035 _a(BD-JhCC)13407
040 _aBD-JhCC
_dBD-JhCC
041 _abengali
082 _a398.20956
_bMOS 2021
100 _aমোসলেহ্ , তাবাস্সুম
245 _aতিন গরিব ও ফেরেশতা /
_cতাবাস্সুম মোসলেহ্ , সম্পা: আবু তাসমিয়া আহমদ রফিক।
260 _aঢাকা :
_b ‍sean publication;
_c2021.
300 _a30 p. :
_c17 cm.
490 _aLevel-2
504 _aIncludes Bibliography.
650 _aJuvenile Literature
650 _aIslamic story
700 _aরফিক, আবু তাসমিয়া আহমদ
942 _2ddc
_cBK
999 _c13407
_d13407